000 00793nam a22002175i 4500
001 69192
003 ES-MaACL
005 20230906170446.0
007 t|
008 950206q18781900fr ||||1| fre d
040 _aCAM
_bspa
_cCCPB | PA2
100 1 _aCouzier, Emile Philippe Joseph Marie.
_9139675
245 1 0 _aNotice sur les sources sulfatées calciques ferrugineuses, arsenicales accidentellement sulfureuses de Salut /
_cpar Couzier.
250 _a2me. éd.
260 _aBagnères de Bigorre :
_b[s.n.,
_c187?] (
_fImpr. D.-L. Péré)
300 _a28 p. ;
_c21 cm.
500 _aPrecede al tit.: Station Thermale de Bagnères-de-Bigorre.
650 4 _aAguas minerales-
_zFrancia.
_9135524
650 4 _aBalnearios-
_zBagnères-de-Bigorre.
_9135663
852 _aES-MaACL
_jT-468-F-4
999 _c69192
_d69192